LEADER 00997nam0-22002891i-450- 001 990006577030403321 005 20001010 035 $a000657703 035 $aFED01000657703 035 $a(Aleph)000657703FED01 035 $a000657703 100 $a20001010d--------km-y0itay50------ba 101 0 $aita 105 $ay-------001yy 200 1 $aAncora sulla controversia relativa ai dividendi 1962 delle società elettriche eccedenti il limite legale$fAlessandroPizzorusso. 210 $aRoma$cENEL$ds.d. 215 $a19 p., 22 cm 300 $a"Estratto dalla 'Rassegna Giuridica della ENEL' Anno IV, n. 2, 1968, pp. 198-216" 700 1$aPizzorusso,$bAlessandro$f<1931- >$0140444 801 0$aIT$bUNINA$gRICA$2UNIMARC 901 $aBK 912 $a990006577030403321 952 $aBUSTA I G 74$b939$fFSPBC 959 $aFSPBC 996 $aAncora sulla controversia relativa ai dividendi 1962 delle società elettriche eccedenti il limite legale$9623407 997 $aUNINA DB $aGEN01 LEADER 01162nam0 22002651i 450 001 UON00048729 005 20231205102216.739 100 $a20020107d1912 |0itac50 ba 101 $ager 102 $aDE 105 $a|||| 1|||| 200 1 $aBericht uber die festversammlung zur Eroffnung des Studienjahres des Seminars dur Orientalische Sprachen... / erstattet von dem direktor Eduard Sachau 210 $aBerlin$cIn kommission bei Georg Reimer$d1912 215 $a14 p.$d26 cm 620 $aDE$dBerlin$3UONL003157 686 $aARA I$cPAESI ARABI - GENERALIA$2A 700 1$aSachau$bEduard$3UONV001463$0235467 712 $aReimer Georg$3UONV272969$4650 790 1$aSACHAU, Eduard$zSachau, Eduard$3UONV164094 801 $aIT$bSOL$c20240220$gRICA 899 $aSIBA - SISTEMA BIBLIOTECARIO DI ATENEO$2UONSI 912 $aUON00048729 950 $aSIBA - SISTEMA BIBLIOTECARIO DI ATENEO$dSI ARA I 153 (misc. a) $eSI MR 28241 7 153 (misc. a) 996 $aBericht uber die festversammlung zur Eroffnung des Studienjahres des Seminars dur Orientalische Sprachen...$92832465 997 $aUNIOR